Análisis e interpretación de estados contables (Registro nro. 3221)

Detalles MARC
000 -LEADER
fixed length control field 01177 a2200241 4500
001 - CONTROL NUMBER
control field 40456
005 - DATE AND TIME OF LATEST TRANSACTION
control field 20260407155658.0
008 - FIXED-LENGTH DATA ELEMENTS--GENERAL INFORMATION
fixed length control field 260407a2012 arg spa d
003 - CONTROL NUMBER IDENTIFIER
control field AR-UNSa-BCEJYS
040 ## - CATALOGING SOURCE
Original cataloging agency AR-UNSa-BCEJYS
Language of cataloging spa
Transcribing agency AR-UNSa-BCEJYS
080 ## - UNIVERSAL DECIMAL CLASSIFICATION NUMBER
Universal Decimal Classification number 657.3
Common auxiliary subdivision Presupuestos. Cierre de Cuentas. Balances (Estados Contables)
020 ## - INTERNATIONAL STANDARD BOOK NUMBER
International Standard Book Number 978-987-01-1426-0
041 ## - LANGUAGE CODE
Language code of text/sound track or separate title spa
100 1# - MAIN ENTRY--PERSONAL NAME
Personal name Senderovich, Isaac Aizik
245 10 - TITLE STATEMENT
Title Análisis e interpretación de estados contables
Name of part/section of a work índices económicos y financieros. estudios de casos
264 #1 - PRODUCTION, PUBLICATION, DISTRIBUTION, MANUFACTURE, AND COPYRIGHT NOTICE
Place of production, publication, distribution, manufacture Buenos Aires :
Name of producer, publisher, distributor, manufacturer Errepar
Date of production, publication, distribution, manufacture, or copyright notice 2012
300 ## - PHYSICAL DESCRIPTION
Extent 151 p.
Dimensions 21 cm.
505 ## - FORMATTED CONTENTS NOTE
Formatted contents note 1. Objetivos, fuentes de la información y contenidos - 2. Composición vertical. Estructura - 3. Análisis horizontal. Tendencia - 4. Rentabilidad - 5. Márgenes y rotaciones - 6. Liquidez corriente - 7. Liquidez seca - 8. Liquidez total - 9. Solvencia y endeudamiento - 10. Financiación de la inmovilización - 11. Caso práctico resumen
590 ## - LOCAL NOTE (RLIN)
Local note niveau_biblio:m niveau_hierar:0
700 1# - ADDED ENTRY--PERSONAL NAME
Personal name Telias, Alejandro J.
856 41 - ELECTRONIC LOCATION AND ACCESS
Uniform Resource Identifier <a href="https://biblioeco.unsa.edu.ar/pmb/images/libros/L125914.jpg">https://biblioeco.unsa.edu.ar/pmb/images/libros/L125914.jpg</a>
Link text Imagen de portada
Electronic format type image/jpeg
942 ## - ADDED ENTRY ELEMENTS (KOHA)
Koha item type
Existencias
Withdrawn status Lost status Damaged status Not for loan Home library Current library Shelving location Date acquired Total checkouts Full call number Barcode Date last seen Price effective from Koha item type Public note
        Biblioteca Prof. Eusebio Cleto del Rey Biblioteca Prof. Eusebio Cleto del Rey   07/04/2026   657.3 S475a L125914 07/04/2026 07/04/2026 Libro PARTIDO AL INICIO Y AL FINAL
        Biblioteca Prof. Eusebio Cleto del Rey Biblioteca Prof. Eusebio Cleto del Rey   07/04/2026   657.3 S475a L125915 07/04/2026 07/04/2026 Libro PARTIDO EN INDICE - MANCHAS EN PÁG 77, 15 - PÁG 27 UN POCO ARRUGADA - PÁG 9 y 11 UN POCO HÚMEDAS
        Biblioteca Prof. Eusebio Cleto del Rey Biblioteca Prof. Eusebio Cleto del Rey   07/04/2026   657.3 S475a L125916 07/04/2026 07/04/2026 Libro ESCRITO CON LÁPIZ PÁGINAS 34,53,55,60 - HOJA VI(INDICE)MEDIO SUELTA - MANCHA EN PÁG 45 - PEQUEÑAS MANCHAS EN ALGUNAS HOJAS - UN POCO HÚMEDO EN ESQUINA SUPERIOR DERECHA